header

The Welsh in an Australian gold town (Record no. 48823)

MARC details
000 -LEADER
fixed length control field 01182nam a2200289 a 4500
100 1# - MAIN ENTRY--AUTHOR NAME
Personal name Tyler, Robert Llewellyn.
245 14 - TITLE STATEMENT
Title The Welsh in an Australian gold town
260 ## - PUBLICATION, DISTRIBUTION, ETC. (IMPRINT)
Place of publication Cardiff :
Name of publisher University of Wales Press,
Year of publication 2010.
300 ## - PHYSICAL DESCRIPTION
Number of Pages xv, 208 p. :
Other physical details ill., maps.
650 #0 - SUBJECT ADDED ENTRY--TOPICAL TERM
Topical Term Welsh
856 40 - ELECTRONIC LOCATION AND ACCESS
Uniform Resource Identifier http://site.ebrary.com/lib/rucke/Doc?id=10640669

No items available.

© 2026 Rongo University
Contact us: librarian | system librarian | Rongo university